00624nam a2200157Ia 4500008004100000082001800041100002100059245006600080260004100146365000600187630006600193730006600259942000900325999001900334952011300353100415s9999 xx 000 0 und d b13344a808.02 aTurabian Kate L aA Mnual for Writers of Team Papers, Theses, and Dissertations aCHICAGOc1982bUNIVERSITY OF CHICAGO b0 aA Mnual for Writers of Team Papers, Theses, and Dissertations aA Mnual for Writers of Team Papers, Theses, and Dissertations cBOOK c596260d596257 00104070aBNHSbBNHSd1998-06-19g0.00l0o808.02 13344pBNHS-13344r2010-04-15 00:00:00w2010-04-15yBOOK